| 000 | 01196nam a22003497a 4500 | ||
|---|---|---|---|
| 003 | CHAP | ||
| 005 | 20220329135535.0 | ||
| 008 | 971013s1983 r 00010 d | ||
| 010 | _a38220 | ||
| 011 | _a39192 | ||
| 035 | _a43312 | ||
| 040 | _cCHAP | ||
| 090 | _aTesis | ||
| 100 | 0 | 0 |
_aPavón Reyes, Jorge Alberto. _986298 |
| 245 | _aEfecto de dos bioestimulantes en variedades braquíticas de maíz (Zea mays L.) en Apodaca, N.L. | ||
| 260 |
_a(Monterrey, N.L.) : _bEl autor, _c1983 |
||
| 300 | _a44 h. | ||
| 502 | _aTesis (Ing. Agr. Administrador) -- ITESM. Div. de Ciencias Agropeucuarias y Marítimas | ||
| 590 |
_aALEPH _b10 _c20130110 _lUCH01 _h1304 |
||
| 590 |
_aBATCH-UPD _b10 _c20130110 _lUCH01 _h0304 |
||
| 590 |
_aBATCH-UPD _b10 _c20130110 _lUCH01 _h1640 |
||
| 590 |
_aBATCH-UPD _b10 _c20130409 _lUCH01 _h2336 |
||
| 590 |
_aBATCH-UPD _b10 _c20130410 _lUCH01 _h1433 |
||
| 590 |
_aBATCH-UPD _b10 _c20130914 _lUCH01 _h1750 |
||
| 590 |
_aCONVERSION _b10 _c20130109 _lUCH01 _h1321 |
||
| 650 | 1 | 4 |
_aMaíz enano. _971113 |
| 650 | 1 | 4 |
_aMaíz _xNuevo León. _971029 |
| 650 | 1 | 4 |
_aPlantas _xCrecimiento _xAditivos. _988804 |
| 901 | _aBK | ||
| 942 | _cTESIS | ||
| 949 |
_bBC _cTES _d-99307 _eTS1 _i43312 _si |
||
| 999 |
_c38220 _d38220 |
||